Statistiques concernant Spécialités médicales

Cliquez ici pour prendre le quiz!

Statistiques générales

  • Ce quiz a été pris 35 769 fois
  • Le résultat moyen est 11 sur 20

Statistiques - réponses

SujetSpécialité% Correct
Développement de l'enfant{Péd}iatrie
96%
Cœur{Card}iologie
95%
Yeux{Opht}almologie
91%
Maladie mentale{Psych}iatrie
90%
Appareil génital féminin{Gyné}cologie
82%
Peau, muqueuses{Derm}atologie
81%
Diagnostics par rayonnements{Rad}iologie
66%
Personnes âgées{Gér}iatrie
63%
Système nerveux{Neur}ologie
61%
Sang{Hém}atologie
58%
Cancers{Onc}ologie
57%
Pathologies respiratoires{Pneum}ologie
45%
Grossesse/accouchement{Obsté}trique
42%
Système digestif{Gastro}-{enté}rologie
41%
Foie{Hépa}tologie
27%
Os, articulations, muscles{Rhum}atologie
27%
Nouveaux-nés{Néonat}alogie
26%
Reins{Néph}rologie
25%
Hormones{Endocri}nologie
21%
Nez, gorge et oreille{Otorhinolaryn}gologie
19%

Distribution des résultats

Percentile par nombre de réponses

% des personnes avec chaque résultat

Votre développement - résultats

Vous n’avez pas pris ce quiz